Central Library OPAC University of Rajshahi

The Near East : (Record no. 64404)

MARC details
000 -LEADER
fixed length control field 00666nam a2200217 a 4500
001 - CONTROL NUMBER
control field 64404
003 - CONTROL NUMBER IDENTIFIER
rucl marc code BD-RjUL
005 - DATE AND TIME OF LATEST TRANSACTION
control field 20211209081315.0
008 - FIXED-LENGTH DATA ELEMENTS--GENERAL INFORMATION
fixed length control field 170214s1942 ill||||| |||| 001 0 eng d
035 ## - SYSTEM CONTROL NUMBER
System control number (BD-RjUL)64534
040 ## - CATALOGING SOURCE
Original cataloging agency BD-RjUL
Language of cataloging eng
Transcribing agency BD-RjUL
041 ## - LANGUAGE CODE
Language code of text/sound track or separate title eng
082 ## - DEWEY DECIMAL CLASSIFICATION NUMBER
Edition number 23
Classification number 956.9
Author mark and year SFN 1942
100 1# - MAIN ENTRY--PERSONAL NAME
Personal name Sforza, Carlo
9 (RLIN) 191111
245 10 - TITLE STATEMENT
Title The Near East :
Remainder of title problems and prospects /
Statement of responsibility, etc. Carlo Sforza, C. K. Webster, and Philip W. Ireland
260 ## - PUBLICATION, DISTRIBUTION, ETC. (IMPRINT)
Place of publication, distribution, etc. Chicago, IL :
Name of publisher, distributor, etc. University of Chicago press,
Date of publication, distribution, etc. 1942.
300 ## - PHYSICAL DESCRIPTION
Pagination xiv, 265 p. ;
Size 19 cm.
500 ## - GENERAL NOTE
General note Includes index
650 ## - SUBJECT ADDED ENTRY--TOPICAL TERM
Topical term or geographic name as entry element Middle East
Form subdivision Eastern question
9 (RLIN) 191112
942 ## - ADDED ENTRY ELEMENTS (KOHA)
Source of classification or shelving scheme Dewey Decimal Classification
Koha item type Books
Holdings
Lost status Source of classification or shelving scheme Damaged status Not for loan Collection code Permanent Location Current Location Shelving location Date acquired Source of acquisition Cost, normal purchase price Total Checkouts Full call number Date last seen Copy number Koha item type
  Dewey Decimal Classification   Not For Loan Non-fiction Central Library, University of Rajshahi Central Library, University of Rajshahi Reading Room 28/11/1966 Q.Y.Qurashi 12.00   956.9 SFN 1942 14/02/2017 C-1 Books